Las etimologías vascas en la obra de Luis Michelena / (Record no. 27641)

MARC details
000 -LEADER
campo de control de longitud fija 00793nam a2200253 i 4500
001 - NÚMERO DE CONTROL
campo de control 27641
003 - IDENTIFICADOR DE NÚMERO DE CONTROL
campo de control ES-MaACL
005 - FECHA Y HORA DE LA ÚLTIMA TRANSACCIÓN
campo de control 20230906153654.0
007 - CAMPO FIJO DE DESCRIPCIÓN FÍSICA--INFORMACIÓN GENERAL
campo de control de longitud fija t|
008 - DATOS DE LONGITUD FIJA--INFORMACIÓN GENERAL
campo de control de longitud fija 030115s1978 sp ||||1| spa d
020 ## - NÚMERO INTERNACIONAL ESTÁNDAR DEL LIBRO
Número Internacional Estándar del Libro 84-85416-01-5
080 ## - NÚMERO DE LA CLASIFICACIÓN DECIMAL UNIVERSAL
Número de la Clasificación Decimal Universal 809.169-321.2
100 1# - ENTRADA PRINCIPAL--NOMBRE DE PERSONA
Nombre de persona Arbelaiz, Juan José.
9 (RLIN) 22381
245 14 - MENCIÓN DEL TÍTULO
Título Las etimologías vascas en la obra de Luis Michelena /
Mención de responsabilidad, etc. Juan José Arbelaiz.
260 ## - PUBLICACIÓN, DISTRIBUCIÓN, ETC.
Lugar de publicación, distribución, etc. Tolosa [Guipuzcoa] :
Nombre del editor, distribuidor, etc. Librería Técnica de Difusión,
Fecha de publicación, distribución, etc. 1978.
300 ## - DESCRIPCIÓN FÍSICA
Extensión 155 p. ;
Dimensiones 22 cm.
490 1# - MENCIÓN DE SERIE
Mención de serie Kardaberaz bilduma ;
Designación de volumen o secuencia 31
504 ## - NOTA DE BIBLIOGRAFÍA, ETC.
Nota de bibliografía, etc. Bibliografía: p. 149-155.
600 14 - PUNTO DE ACCESO ADICIONAL DE MATERIA--NOMBRE DE PERSONA
Nombre de persona Michelena, Luis.
9 (RLIN) 80916
650 #4 - PUNTO DE ACCESO ADICIONAL DE MATERIA--TÉRMINO DE MATERIA
Término de materia o nombre geográfico como elemento de entrada Lengua vasca-
Subdivisión general Etimología.
9 (RLIN) 148852
830 1# - PUNTO DE ACCESO ADICIONAL DE SERIE-TÍTULO UNIFORME
Título uniforme Kardaberaz bilduma ;
Designación de volumen o secuencia 31
9 (RLIN) 181842
852 ## - LOCALIZACIÓN
Ubicación ES-MaACL
Número de control de estantería A-9067
Holdings
Estatus retirado Estado de pérdida Estado de daño No para préstamo Biblioteca de origen Biblioteca actual Ubicación en estantería Fecha de adquisición Fuente de adquisición Total de préstamos Signatura topográfica completa Código de barras Visto por última vez Precio de reemplazo Tipo de ítem Koha
        Biblioteca del Ateneo de Madrid Biblioteca del Ateneo de Madrid Depósito 1 17/01/2008     A-9067 1028542 23/02/2023 23/02/2023 Libro impreso